[Event "FRA-chT4 0304"]
[Site "Champagne Ardenne"]
[Date "2004.02.01"]
[Round "5"]
[White "Hentzien, Maxime"]
[Black "Michaud, Jean Noel"]
[Result "1-0"]
[WhiteElo "1970"]
[BlackElo "2060"]
[PlyCount "105"]
[EventDate "2003.10.??"]
[EventRounds "6"]
[EventCountry "FRA"]
[SourceTitle "EXT 2005"]
[Source "ChessBase"]
[SourceDate "2004.11.15"]
[SourceVersion "1"]
[SourceVersionDate "2004.11.15"]
[SourceQuality "1"]

1. e4 e5 2. Nf3 Nc6 3. d4 exd4 4. Nxd4 Bc5 5. Nxc6 Qf6 6. Qd2 bxc6 7. Nc3 Ne7 8. Qf4 d6 9. Qxf6 gxf6 10. Bd3 Rg8 11. g3 f5 12. 0-0 Bb6 13. Re1 f6 14. Bd2 Ba5 15. Re2 Bxc3 16. Bxc3 Kf7 17. Ba5 fxe4 18. Bxe4 Ba6 19. Re3 Rac8 20. Bxh7 Rg5 21. Bd2 Rd5 22. Bd3 Bxd3 23. Rxd3 Rxd3 24. cxd3 Rb8 25. b3 Rb5 26. Be3 a6 27. Rc1 Rd5 28. Rc3 Rb5 29. h4 Ke6 30. g4 Kd7 31. Kg2 Rb8 32. Kg3 Rg8 33. Rc4 Ng6 34. f4 Ne7 35. Kh3 Rh8 36. Bd4 Rf8 37. h5 c5 38. Bc3 Ke6 39. Ra4 Nd5 40. Bd2 Rh8 41. Kh4 Ne7 42. f5+ Kd7 43. Rxa6 Rh7 44. Ra8 Nc6 45. Bc3 Ne5 46. Bxe5 dxe5 47. a4 Kd6 48. a5 e4 49. dxe4 Ke5 50. Re8+ Kf4 51. a6 Rd7 52. h6 Rd1 53. Kh5 1-0

[Event "Reims ligue excellence"]
[Site "Reims"]
[Date "2003.06.07"]
[Round "2"]
[White "Michaud, Jean Noel"]
[Black "Rapinel, Franck"]
[Result "0-1"]
[WhiteElo "1960"]
[BlackElo "2201"]
[PlyCount "80"]
[EventDate "2003.06.??"]
[EventType "swiss"]
[EventRounds "6"]
[EventCountry "FRA"]
[SourceTitle "EXT 2005"]
[Source "ChessBase"]
[SourceDate "2004.11.15"]
[SourceVersion "1"]
[SourceVersionDate "2004.11.15"]
[SourceQuality "1"]

1. c4 f5 2. Nc3 Nf6 3. g3 g6 4. Bg2 Bg7 5. Nf3 d6 6. d3 0-0 7. 0-0 Nc6 8. Rb1 a5 9. a3 e5 10. b4 axb4 11. axb4 h6 12. b5 Ne7 13. Nd2 g5 14. Nd5 Nexd5 15. cxd5 b6 16. Qb3 Qe7 17. Bb2 Bb7 18. Rfc1 Qf7 19. e4 f4 20. gxf4 gxf4 21. f3 Kh8 22. d4 exd4 23. Bxd4 Nxd5 24. Bxg7+ Qxg7 25. exd5 Qd4+ 26. Kf1 Qxd2 27. Qb2+ Qxb2 28. Rxb2 Bxd5 29. Rxc7 Rf7 30. Rxf7 Bxf7 31. Rb4 Ra5 32. Rxf4 Kg7 33. Rb4 Rxb5 34. Rd4 d5 35. f4 Kf6 36. Kf2 Ke6 37. Ra4 Ra5 38. Rb4 b5 39. Ke3 Kd6 40. Kd4 Ra4 0-1

[Event "FRA-chT4 0102"]
[Site "Champagne Ardenne"]
[Date "2002.03.10"]
[Round "6"]
[White "Ait Ammar, Riad"]
[Black "Michaud, Jean Noel"]
[Result "1/2-1/2"]
[WhiteElo "2040"]
[BlackElo "2030"]
[PlyCount "51"]
[EventDate "2002.10.??"]
[EventType "team"]
[EventRounds "7"]
[EventCountry "FRA"]
[SourceTitle "EXT 2005"]
[Source "ChessBase"]
[SourceDate "2004.11.15"]
[SourceVersion "1"]
[SourceVersionDate "2004.11.15"]
[SourceQuality "1"]

1. e4 e5 2. Nf3 Nc6 3. Bc4 Nf6 4. d3 Bc5 5. Bg5 d6 6. 0-0 Bg4 7. c3 0-0 8. Nbd2 a6 9. Qc2 Be6 10. Rad1 b5 11. Bb3 Qc8 12. Bxf6 gxf6 13. Nh4 Ne7 14. Ndf3 Kh8 15. d4 Ba7 16. Qd2 Bxb3 17. axb3 Qg4 18. Rfe1 Rg8 19. Qh6 Qg7 20. Qxg7+ Kxg7 21. Ra1 Bb6 22. Rec1 c6 23. Kf1 Rgc8 24. Rd1 Rd8 25. g3 Bc7 26. h3 1/2-1/2

[Event "FRA-chT4 0102"]
[Site "Champagne Ardenne"]
[Date "2001.10.14"]
[Round "1"]
[White "Michaud, Jean Noel"]
[Black "Delmont, Jean Robert"]
[Result "1/2-1/2"]
[WhiteElo "2000"]
[BlackElo "2025"]
[PlyCount "75"]
[EventDate "2002.10.??"]
[EventType "team"]
[EventRounds "7"]
[EventCountry "FRA"]
[SourceTitle "EXT 2005"]
[Source "ChessBase"]
[SourceDate "2004.11.15"]
[SourceVersion "1"]
[SourceVersionDate "2004.11.15"]
[SourceQuality "1"]

1. c4 c5 2. Nc3 Nc6 3. g3 e5 4. e4 d6 5. Bg2 f5 6. d3 Nf6 7. Nge2 Be7 8. f4 0-0 9. 0-0 fxe4 10. dxe4 Bg4 11. h3 Bh5 12. g4 Bf7 13. Nd5 Nd4 14. f5 Nxd5 15. cxd5 Bg5 16. Ng3 Bxc1 17. Rxc1 Qg5 18. Rf2 b5 19. Qd2 Qxd2 20. Rxd2 Rac8 21. Kf2 Rc7 22. Ne2 Rfc8 23. Bf1 a6 24. Nxd4 cxd4 25. Rxc7 Rxc7 26. Bd3 Kf8 27. a3 Ke7 28. Rc2 Rxc2+ 29. Bxc2 Be8 30. Bd3 g6 31. b4 gxf5 32. gxf5 Kf6 33. Kg3 Bh5 34. h4 Bd1 35. Kf2 Kg7 36. Ke1 Bf3 37. Kf2 Bh5 38. Be2 1/2-1/2

[Event "FRA-chT4 0001"]
[Site "Champagne Ardenne"]
[Date "2001.03.11"]
[Round "6"]
[White "Michaud, Jean Noel"]
[Black "Hacene, Ahmed"]
[Result "1-0"]
[WhiteElo "1930"]
[BlackElo "1930"]
[PlyCount "43"]
[EventDate "2001.10.??"]
[EventType "team"]
[EventRounds "7"]
[EventCountry "FRA"]
[SourceTitle "EXT 2005"]
[Source "ChessBase"]
[SourceDate "2004.11.15"]
[SourceVersion "1"]
[SourceVersionDate "2004.11.15"]
[SourceQuality "1"]

1. c4 Nf6 2. Nc3 e6 3. e4 Bb4 4. e5 Bxc3 5. bxc3 Ng8 6. d4 Ne7 7. Bd3 d6 8. f4 d5 9. c5 0-0 10. Nf3 Ng6 11. Ng5 f5 12. exf6 Qxf6 13. Qh5 h6 14. Bxg6 Nc6 15. Nh7 Qe7 16. Nxf8 Qxf8 17. 0-0 Ne7 18. Bd3 Bd7 19. g4 Be8 20. Qh3 Bd7 21. Bd2 g6 22. Rae1 1-0

[Event "FRA-chT4 0001"]
[Site "Champagne Ardenne"]
[Date "2001.01.14"]
[Round "4"]
[White "Michaud, Jean Noel"]
[Black "Schlemaire, Daniel"]
[Result "1-0"]
[WhiteElo "1930"]
[BlackElo "1840"]
[PlyCount "62"]
[EventDate "2001.10.??"]
[EventType "team"]
[EventRounds "7"]
[EventCountry "FRA"]
[SourceTitle "EXT 2005"]
[Source "ChessBase"]
[SourceDate "2004.11.15"]
[SourceVersion "1"]
[SourceVersionDate "2004.11.15"]
[SourceQuality "1"]

1. c4 e5 2. Nc3 Nf6 3. g3 d5 4. cxd5 Nxd5 5. Bg2 Nb6 6. a3 Be7 7. Nf3 Nc6 8. 0-0 0-0 9. d3 Be6 10. Be3 Nd5 11. Nxd5 Bxd5 12. b4 Bf6 13. Rc1 Nd4 14. Nxd4 Bxg2 15. Kxg2 exd4 16. Bf4 c6 17. Qb3 Re8 18. Rfe1 Qd7 19. b5 Rac8 20. bxc6 Rxc6 21. Kg1 Rec8 22. Bd2 g6 23. Rxc6 Rxc6 24. Rc1 Rxc1+ 25. Bxc1 Qe6 26. Qxb7 Qxe2 27. Bh6 Qe1+ 28. Kg2 Qa5 29. Qb8+ Bd8 30. Qd6 Be7 31. Qxe7 Qd5+ 1-0